| 000 | 01988nam0a2200409 4500 | ||
|---|---|---|---|
| 001 | RU\NLR\bibl\1202402 | ||
| 005 | 20260406010749.0 | ||
| 010 |
_a978-5-902300-81-6 _93000 |
||
| 021 |
_aRU _b2008-4919 _9265 |
||
| 035 | _a(nilc)EL/0000172281 | ||
| 035 | _a(NLR Aleph) 001188898 | ||
| 090 |
_a1704719 _c1704719 |
||
| 100 | _a20080207d2007 |||y0rusy50 ca | ||
| 101 | 0 | _arus | |
| 102 | _aRU | ||
| 105 | _aa ||||||||| | ||
| 200 | 1 |
_aЧтение в системе социокультурного развития личности _eсборник статей международного научно-практического семинара _fГ. В. Варганова |
|
| 210 |
_aМосква _cРусская школьная библиотечная ассоциация _d2007 |
||
| 215 |
_a253 с. _cил. _d20 |
||
| 225 | 1 |
_aПрофессиональная библиотека школьного библиотекаря _hсерия 1 _vвып. 9-10 |
|
| 225 | 1 | _aПриложение к журналу "Школьная библиотека" | |
| 300 | _aНа обл. авт. не указан | ||
| 320 | _aБиблиогр. в конце ст. и в подстроч. примеч. | ||
| 606 | 1 |
_aДетские библиотеки _jСъезды, совещания и т.п. _xЧтение _xИзучение _92190016 _3RU\NLR\auth\661316521 |
|
| 606 | 1 |
_aДетское чтение _jСъезды, совещания и т.п. _91152247 _3RU\NLR\auth\66141911 |
|
| 610 | 1 | _aЧтение | |
| 610 | 1 | _aРазвитие личности | |
| 686 |
_a78.303 _vLBC/RL _2rubbk |
||
| 686 | _aЧ739.511.2я431 | ||
| 686 | _aЧ421.385.0я431 | ||
| 700 | 1 |
_4070 _8rus _7ca _aВарганова _bГ. В. _gГалина Владимировна _3RU\NLR\auth\77116228 _999153 |
|
| 801 | 0 |
_aRU _bОмская ГОНБ _c20080207 _grcr |
|
| 801 | 1 |
_aRU _bОмская ГОНБ _c20080207 |
|
| 801 | 2 |
_aRU _bNLR _c20080318 _grcr |
|
| 942 | _cBOOK | ||
| 980 | _aNB | ||